00281nam a2200109 a 4500008004100000020001500041050001500056100001600071245002700087260004800114350000900162120416s0000 ||||||||||||||||| || u a8171413412 aTD 788 Dew aDewan, J. M10aSolid waste management aNew DelhibDiscovery publishing housec1996 a0.00